[Event "X Festival A"]
[Site "Salsomaggiore Terme ITA"]
[Date "2006.05.13"]
[Round "3"]
[White "Vezzosi, Paolo"]
[Black "Giretti Kanev, Jasen"]
[Result "1-0"]
[WhiteElo "2362"]
[BlackElo "2220"]
[PlyCount "99"]
[EventDate "2006.05.12"]

1. Nf3 Nf6 2. d4 e6 3. c4 Bb4+ 4. Nbd2 b6 5. e3 Bb7 6. Bd3 Be4 7. Qc2 Bxd3 8.
Qxd3 O-O 9. O-O d5 10. b3 Nbd7 11. Bb2 Re8 12. Rfd1 c6 13. e4 Bxd2 14. Nxd2 Rc8
15. e5 Nh5 16. Nf3 Nf4 17. Qe3 Ng6 18. g3 Ne7 19. Rac1 Nf5 20. Qe2 f6 21. Rc2
fxe5 22. dxe5 Nc5 23. b4 Ne4 24. Nd2 Nxd2 25. Rcxd2 Qe7 26. b5 Qc5 27. cxd5
cxd5 28. Rc1 Qb4 29. Rdc2 Rc5 30. Rxc5 bxc5 31. a3 Nd4 32. Bxd4 Qxd4 33. Qe3
Qxe3 34. fxe3 c4 35. a4 Kf7 36. Kf2 Rc8 37. Ke2 Kg6 38. Rf1 c3 39. Kd3 c2 40.
Rc1 Rc4 41. Rxc2 Rxa4 42. Rc7 Rb4 43. Rb7 h5 44. Kc3 Re4 45. Rxa7 Rxe3+ 46. Kb4
Kf5 47. b6 Re2 48. Ra3 Re4+ 49. Kb5 Re1 50. Rb3 1-0

[Event "X Festival A"]
[Site "Salsomaggiore Terme ITA"]
[Date "2006.05.13"]
[Round "3"]
[White "Weiland, Guenter"]
[Black "Gualtieri, Primo"]
[Result "1-0"]
[WhiteElo "1982"]
[BlackElo "1598"]
[PlyCount "65"]
[EventDate "2006.05.12"]

1. Nf3 e6 2. c4 Nf6 3. g3 d5 4. Bg2 c6 5. d4 Nbd7 6. Qc2 Ne4 7. O-O f5 8. Ne1
Be7 9. f3 Nd6 10. b3 Bf6 11. Bb2 O-O 12. Nd3 a5 13. Nd2 f4 14. Nxf4 Nf5 15.
Nxe6 Ne3 16. Qd3 Qe7 17. Qxe3 Re8 18. Bh3 Nf8 19. Qd3 Bxe6 20. Bxe6+ Qxe6 21.
e4 Qh3 22. e5 Bg5 23. f4 Bh6 24. cxd5 cxd5 25. Qf3 Ne6 26. Rac1 Kh8 27. Qe2 Rf8
28. Qg2 Qf5 29. Qxd5 Bxf4 30. gxf4 Nxf4 31. Qf3 Nh3+ 32. Kh1 Nf2+ 33. Rxf2 1-0

[Event "X Festival A"]
[Site "Salsomaggiore Terme ITA"]
[Date "2006.05.13"]
[Round "3"]
[White "Zuccaro, Guido"]
[Black "Pedemonte, Claudio"]
[Result "1-0"]
[WhiteElo "1631"]
[BlackElo "1942"]
[PlyCount "87"]
[EventDate "2006.05.12"]

1. c4 c6 2. Nc3 d5 3. d4 Nf6 4. Nf3 g6 5. Bf4 Bg7 6. Qd2 O-O 7. Bh6 Bf5 8. Bxg7
Kxg7 9. e3 Ne4 10. Qc1 Qa5 11. Be2 Nd7 12. O-O Nxc3 13. Qxc3 Qxc3 14. bxc3 dxc4
15. Bxc4 Nb6 16. Bb3 a5 17. a4 Rac8 18. Rfe1 Bd3 19. Ne5 Ba6 20. Rab1 f6 21.
Nf3 Bd3 22. Rb2 Nc4 23. Bxc4 Bxc4 24. Rxb7 Kf7 25. Reb1 Bd5 26. Nd2 f5 27. c4
Be4 28. Nxe4 fxe4 29. Ra7 Rb8 30. Rbb7 Kf6 31. Kf1 Rxb7 32. Rxb7 Ke6 33. Ke2 h5
34. f3 exf3+ 35. gxf3 Rf5 36. e4 Rg5 37. Kf2 h4 38. Rb1 Kf6 39. Rg1 Rxg1 40.
Kxg1 Kg5 41. Kf2 Kf4 42. c5 g5 43. d5 Ke5 44. dxc6 1-0

[Event "X Festival A"]
[Site "Salsomaggiore Terme ITA"]
[Date "2006.05.13"]
[Round "4"]
[White "Baldelli, Alex"]
[Black "Bonugli, Carlo"]
[Result "1/2-1/2"]
[WhiteElo "2028"]
[BlackElo "2065"]
[PlyCount "36"]
[EventDate "2006.05.12"]

1. d4 Nf6 2. c4 c5 3. d5 e6 4. Nc3 exd5 5. cxd5 d6 6. e4 g6 7. Nf3 Bg7 8. Be2
O-O 9. O-O Nbd7 10. Nd2 a6 11. a4 b6 12. Qc2 Rb8 13. Nc4 Qe7 14. f3 Ne5 15. Bf4
Nfd7 16. Rfe1 Nxc4 17. Bxc4 Ne5 18. Qe2 Nxc4 1/2-1/2

[Event "X Festival A"]
[Site "Salsomaggiore Terme ITA"]
[Date "2006.05.13"]
[Round "4"]
[White "Barletta, Mauro"]
[Black "Guastadini, Paolo"]
[Result "1-0"]
[WhiteElo "2258"]
[BlackElo "2056"]
[PlyCount "59"]
[EventDate "2006.05.12"]

1. c4 Nf6 2. Nc3 g6 3. e4 d6 4. g3 Bg7 5. Bg2 c5 6. Nge2 Nc6 7. O-O Rb8 8. a3
a6 9. Rb1 O-O 10. b4 cxb4 11. axb4 b5 12. cxb5 axb5 13. d4 e5 14. dxe5 dxe5 15.
Be3 Be6 16. Nd5 Nd7 17. Qd2 Ne7 18. Nec3 Nc8 19. Rfd1 Nd6 20. Qd3 Nc4 21. Nxb5
Nxe3 22. Nxe3 Qb6 23. Nc3 Rfd8 24. Ncd5 Qb7 25. Nc4 Qb5 26. Na5 Qxd3 27. Rxd3
Bxd5 28. exd5 Rb5 29. Nc6 Ra8 30. d6 1-0

[Event "X Festival A"]
[Site "Salsomaggiore Terme ITA"]
[Date "2006.05.13"]
[Round "4"]
[White "Bonade', Massimo"]
[Black "Giovannini, Roberto"]
[Result "1/2-1/2"]
[WhiteElo "2104"]
[BlackElo "1961"]
[PlyCount "30"]
[EventDate "2006.05.12"]

1. d4 d5 2. c4 c6 3. Nf3 Nf6 4. Nc3 a6 5. e3 b5 6. cxd5 cxd5 7. Bd3 Bg4 8. O-O
e6 9. Qe2 Be7 10. Bd2 O-O 11. Rac1 Nbd7 12. Rc2 Nb6 13. Rfc1 Nc4 14. h3 Bxf3
15. Qxf3 Qd6 1/2-1/2

[Event "X Festival A"]
[Site "Salsomaggiore Terme ITA"]
[Date "2006.05.13"]
[Round "4"]
[White "Brancaleoni, Maurizio"]
[Black "Frigieri, Fabrizio"]
[Result "1-0"]
[WhiteElo "2286"]
[BlackElo "2080"]
[PlyCount "77"]
[EventDate "2006.05.12"]

1. c4 e6 2. Nf3 d5 3. d4 c6 4. Nbd2 Nf6 5. e3 Nbd7 6. Bd3 Bd6 7. O-O O-O 8. e4
dxe4 9. Nxe4 Nxe4 10. Bxe4 Nf6 11. Bc2 c5 12. Bg5 cxd4 13. Qd3 g6 14. Qxd4 Be7
15. Qh4 Re8 16. Ne5 Nh5 17. Rad1 Qa5 18. Bxe7 Qxe5 19. g4 Nf4 20. Rfe1 Qg7 21.
Ba4 b5 22. Bxb5 Bb7 23. Bxe8 Rxe8 24. Bf6 Ng2 25. Bxg7 Nxh4 26. Be5 Nf3+ 27.
Kf1 Nxe1 28. Kxe1 Bf3 29. Rd4 g5 30. Kd2 f5 31. Rd7 h6 32. Rxa7 Rd8+ 33. Kc3
Bxg4 34. b4 Rd1 35. b5 Rc1+ 36. Kb4 Bf3 37. a4 Rb1+ 38. Ka5 g4 39. c5 1-0

[Event "X Festival A"]
[Site "Salsomaggiore Terme ITA"]
[Date "2006.05.13"]
[Round "4"]
[White "Brigati, Alessandro"]
[Black "Fragni, Enrico"]
[Result "1-0"]
[WhiteElo "2080"]
[BlackElo "1876"]
[PlyCount "103"]
[EventDate "2006.05.12"]

1. d4 c6 2. c4 d6 3. Nc3 Nf6 4. e4 Bg4 5. f3 Bh5 6. Bd3 e5 7. d5 a5 8. Be3 Be7
9. Nge2 Nbd7 10. O-O O-O 11. a3 Qc7 12. b4 axb4 13. axb4 Nb6 14. Qb3 Rxa1 15.
Rxa1 Ra8 16. Rxa8+ Nxa8 17. Na4 c5 18. bxc5 dxc5 19. Nec3 b6 20. Qb5 h6 21. Qa6
Qb8 22. Nb5 Ne8 23. Qa7 Qxa7 24. Nxa7 Bd8 25. Nc3 Nd6 26. Nc6 Bf6 27. Bf2 Bg5
28. Nxe5 Bf6 29. Bg3 g5 30. Na4 Nc8 31. Kf1 Kg7 32. Ke2 Be7 33. Nc6 f6 34. e5
fxe5 35. Nxe7 Nxe7 36. Bxe5+ Kf7 37. Be4 Bg6 38. Kd3 Nf5 39. g3 h5 40. Nc3 Ne7
41. Nb5 Ke8 42. Bf6 g4 43. fxg4 hxg4 44. Bxe7 Bxe4+ 45. Kxe4 Kxe7 46. Kf5 Kd7
47. Kxg4 Nc7 48. Nxc7 Kxc7 49. Kf5 b5 50. cxb5 c4 51. Ke4 Kb6 52. d6 1-0

[Event "X Festival A"]
[Site "Salsomaggiore Terme ITA"]
[Date "2006.05.13"]
[Round "4"]
[White "De Zaiacomo, Tonino"]
[Black "Annoni, Riccardo"]
[Result "0-1"]
[WhiteElo "1911"]
[BlackElo "2075"]
[PlyCount "74"]
[EventDate "2006.05.12"]

1. d4 d5 2. c4 dxc4 3. e3 e5 4. Bxc4 exd4 5. exd4 Bd6 6. Ne2 Nf6 7. Nbc3 O-O 8.
Bg5 Re8 9. O-O Bxh2+ 10. Kh1 Bd6 11. Qb3 Rf8 12. Ne4 Be7 13. N4g3 h6 14. Bd2 a6
15. Bd3 Nc6 16. Bc3 b5 17. a3 Bb7 18. Nf4 Nxd4 19. Bxd4 Qxd4 20. Nge2 Qd7 21.
Rad1 Bd6 22. Rfe1 Qg4 23. f3 Qh4+ 24. Nh3 Bxf3 25. Bh7+ Nxh7 26. Qxf3 Ng5 27.
Qc3 Nxh3 28. gxh3 Rae8 29. Rd4 Qf2 30. Rxd6 cxd6 31. Rg1 Re5 32. Rg2 Qe3 33.
Kh2 Qxc3 34. Nxc3 d5 35. Rd2 Rd8 36. Kg3 d4 37. Kf4 f6 0-1

[Event "X Festival A"]
[Site "Salsomaggiore Terme ITA"]
[Date "2006.05.13"]
[Round "4"]
[White "Del Giudice, Stefano"]
[Black "Peric, Slavisa"]
[Result "0-1"]
[WhiteElo "2058"]
[BlackElo "2288"]
[PlyCount "91"]
[EventDate "2006.05.12"]

1. d4 d5 2. Nf3 Nf6 3. e3 g6 4. Nbd2 Bg7 5. Be2 Nbd7 6. O-O c5 7. c3 O-O 8. b4
b6 9. a4 Qc7 10. Ba3 Ne4 11. Rc1 Nxd2 12. Qxd2 c4 13. b5 Nf6 14. Qb2 Ne4 15.
Nd2 Nxd2 16. Qxd2 a6 17. Bb4 axb5 18. axb5 Bf6 19. Ra1 Bd7 20. Rxa8 Rxa8 21.
Bf3 Qb7 22. Qb2 Bg5 23. Be2 f5 24. f4 Bf6 25. h3 Qa7 26. Bf3 e6 27. Bd6 Bd8 28.
g4 Qa2 29. Rf2 Qxb2 30. Rxb2 Ra1+ 31. Kh2 Be8 32. gxf5 gxf5 33. Rg2+ Bg6 34.
Bh5 Kf7 35. Bxg6+ hxg6 36. Kg3 Rc1 37. Bb4 Be7 38. Bxe7 Kxe7 39. Kf3 Kf6 40.
Ra2 Rb1 41. Ke2 Rxb5 42. Kd2 Rb1 43. Ra6 Rb2+ 44. Kc1 Re2 45. Rxb6 Rxe3 46. Kd2
0-1

[Event "X Festival A"]
[Site "Salsomaggiore Terme ITA"]
[Date "2006.05.13"]
[Round "4"]
[White "Gerundino, Nicola"]
[Black "Zuccaro, Guido"]
[Result "1/2-1/2"]
[WhiteElo "1968"]
[BlackElo "1631"]
[PlyCount "72"]
[EventDate "2006.05.12"]

1. e4 e6 2. d4 d5 3. Nd2 Nf6 4. e5 Nfd7 5. f4 c5 6. c3 cxd4 7. cxd4 Bb4 8. a3
Qa5 9. Rb1 Be7 10. b4 Qb6 11. Nb3 O-O 12. Nf3 f6 13. Be3 Nc6 14. Qd3 Re8 15.
Be2 Nf8 16. O-O f5 17. Rfc1 a6 18. Bf2 Bd7 19. Nc5 Na7 20. a4 Bc6 21. Qb3 Rec8
22. Bh4 Bxh4 23. Nxh4 Rab8 24. Nf3 h6 25. Rc3 Qd8 26. Ra1 Be8 27. Rac1 a5 28.
b5 b6 29. Nd3 Rxc3 30. Rxc3 Rc8 31. Qc2 Rxc3 32. Qxc3 Qc8 33. Qxc8 Nxc8 34. Nd2
g6 35. Nb3 Kf7 36. Bd1 Ke7 1/2-1/2

[Event "X Festival A"]
[Site "Salsomaggiore Terme ITA"]
[Date "2006.05.13"]
[Round "4"]
[White "Giretti Kanev, Jasen"]
[Black "Calza, Gabriele"]
[Result "1/2-1/2"]
[WhiteElo "2220"]
[BlackElo "2039"]
[PlyCount "131"]
[EventDate "2006.05.12"]

1. Nf3 c5 2. g3 b6 3. Bg2 Bb7 4. O-O Nf6 5. c4 e6 6. Nc3 Be7 7. b3 O-O 8. Bb2
d5 9. Ne5 Qc8 10. cxd5 exd5 11. d4 Nc6 12. Nxd5 Nxd5 13. Bxd5 Nxd4 14. Bxb7
Qxb7 15. Bxd4 Rad8 16. e3 cxd4 17. exd4 Bc5 18. Nf3 Bxd4 19. Nxd4 Qe4 20. Re1
Qxd4 21. Qxd4 Rxd4 22. Re7 a5 23. Rb7 Rd6 24. Rc1 g6 25. Rcc7 Rf6 26. h4 h5 27.
Kf1 Rd8 28. Rd7 Rc8 29. Rbc7 Rxc7 30. Rxc7 Re6 31. f3 Kg7 32. Kf2 Kf6 33. a4
Kg7 34. Rc4 f5 35. b4 axb4 36. Rxb4 Kf6 37. Rb3 Ke7 38. Re3 Kd6 39. Rxe6+ Kxe6
40. Ke2 Kd5 41. Kd3 Ke5 42. Kc4 f4 43. gxf4+ Kxf4 44. Kb5 g5 45. hxg5 Kxg5 46.
Kxb6 h4 47. a5 h3 48. a6 h2 49. a7 h1=Q 50. a8=Q Qb1+ 51. Kc5 Qc2+ 52. Kd4 Qd2+
53. Ke4 Qe2+ 54. Kd4 Qd2+ 55. Ke5 Qf4+ 56. Ke6 Qf5+ 57. Kd6 Qf4+ 58. Kc5 Qe3+
59. Kc4 Qc1+ 60. Kd3 Qd1+ 61. Ke3 Qe1+ 62. Kd4 Qd2+ 63. Kc5 Qe3+ 64. Kd6 Qf4+
65. Kd7 Qf7+ 66. Kd6 1/2-1/2

[Event "X Festival A"]
[Site "Salsomaggiore Terme ITA"]
[Date "2006.05.13"]
[Round "4"]
[White "Grillo, Francesco"]
[Black "Bonade', Giacomo"]
[Result "1-0"]
[WhiteElo "1978"]
[BlackElo "1778"]
[PlyCount "53"]
[EventDate "2006.05.12"]

1. d4 f5 2. g3 Nf6 3. Bg2 e6 4. c4 d6 5. Nf3 Be7 6. Nc3 a6 7. Qc2 Nc6 8. d5
exd5 9. cxd5 Ne5 10. Nxe5 dxe5 11. Qb3 Qd6 12. a3 O-O 13. O-O Nd7 14. e4 Nc5
15. Qc2 fxe4 16. b4 Nd7 17. Nxe4 Qg6 18. Qxc7 Bd8 19. Qc3 Bb6 20. Be3 Re8 21.
Rac1 Bxe3 22. fxe3 Nb6 23. Qc5 Rd8 24. d6 Nd7 25. Qc4+ Kh8 26. Qc7 Qe8 27. Ng5
1-0

[Event "X Festival A"]
[Site "Salsomaggiore Terme ITA"]
[Date "2006.05.13"]
[Round "4"]
[White "Gromovs, Sergejs"]
[Black "Muha, Zdravko"]
[Result "1/2-1/2"]
[WhiteElo "2315"]
[BlackElo "2083"]
[PlyCount "130"]
[EventDate "2006.05.12"]

1. d4 d5 2. Nf3 e6 3. c4 f5 4. Nc3 c6 5. g3 Nf6 6. Bg2 Nbd7 7. O-O Bd6 8. Bf4
Qe7 9. c5 Bb8 10. Bxb8 Rxb8 11. Qc2 Ne4 12. b4 a6 13. a4 e5 14. e3 O-O 15. b5
Ng5 16. Nxg5 Qxg5 17. dxe5 Qe7 18. Ne2 Nxe5 19. Nd4 Bd7 20. bxa6 bxa6 21. Rfb1
Nc4 22. Rxb8 Rxb8 23. Rb1 Rxb1+ 24. Qxb1 Qxc5 25. Qb8+ Kf7 26. Qb7 Ke8 27. Qa8+
Kf7 28. Qxa6 Qb6 29. Qxb6 Nxb6 30. a5 Nc8 31. a6 Na7 32. Nb3 Ke7 33. f3 Kd6 34.
e4 Bc8 35. exd5 Bxa6 36. dxc6 Nxc6 37. f4 Bc4 38. Nd2 Bd5 39. Bxd5 Kxd5 40. Kf2
h6 41. Nf3 Ke4 42. h4 g6 43. Nd2+ Kd3 44. Nf1 Nd4 45. Ne3 Ke4 46. Nc4 Nc6 47.
h5 Ne7 48. hxg6 Nxg6 49. Nd6+ Kd5 50. Nxf5 Ke4 51. Nd6+ Kd5 52. Ne8 Ke4 53.
Nf6+ Kf5 54. Nd5 Ke4 55. Nc3+ Kd3 56. Ne2 Ke4 57. Kg2 h5 58. Nc3+ Kd4 59. f5
Ne5 60. Kh3 Nf3 61. g4 hxg4+ 62. Kxg4 Ne5+ 63. Kf4 Nd3+ 64. Kg5 Kxc3 65. f6 Ne5
1/2-1/2

[Event "X Festival A"]
[Site "Salsomaggiore Terme ITA"]
[Date "2006.05.13"]
[Round "4"]
[White "Gualtieri, Primo"]
[Black "Salati, Paolo"]
[Result "1/2-1/2"]
[WhiteElo "1598"]
[BlackElo "1938"]
[PlyCount "67"]
[EventDate "2006.05.12"]

1. e4 Nf6 2. e5 Nd5 3. d4 d6 4. Nf3 Bg4 5. Bc4 dxe5 6. dxe5 e6 7. Nc3 Nxc3 8.
Qxd8+ Kxd8 9. bxc3 Bxf3 10. gxf3 Nd7 11. f4 Nb6 12. Bb3 g6 13. Be3 c5 14. c4
Kc7 15. O-O-O Be7 16. Bd2 Rhd8 17. Ba5 Bh4 18. Rhf1 Rxd1+ 19. Kxd1 Rd8+ 20. Ke2
Kc8 21. c3 Rd7 22. Bxb6 axb6 23. Rd1 Rxd1 24. Bxd1 Kd7 25. Ke3 Ke7 26. Bf3 f6
27. Bxb7 fxe5 28. fxe5 Bg5+ 29. f4 Bh4 30. Be4 Be1 31. Kd3 Bh4 32. Ke2 Kf7 33.
Bc2 Ke7 34. Be4 1/2-1/2

[Event "X Festival A"]
[Site "Salsomaggiore Terme ITA"]
[Date "2006.05.13"]
[Round "4"]
[White "Musumeci, Valentino"]
[Black "Tomio, Dante"]
[Result "1-0"]
[WhiteElo "1694"]
[BlackElo "1967"]
[PlyCount "153"]
[EventDate "2006.05.12"]

1. e4 c5 2. Nf3 d6 3. Nc3 Nc6 4. d4 cxd4 5. Nxd4 e6 6. Be3 Nf6 7. Be2 Be7 8.
O-O O-O 9. a3 a6 10. Qd2 Qc7 11. Rad1 Bd7 12. f4 Rfe8 13. g4 Nxd4 14. Bxd4 e5
15. fxe5 dxe5 16. Be3 Rad8 17. Qe1 Bc5 18. Qf2 Bxe3 19. Qxe3 Nxg4 20. Bxg4 Bxg4
21. Rxd8 Rxd8 22. Nd5 Qd7 23. Qg5 Kf8 24. Qxe5 Re8 25. Qf4 Bh5 26. c4 Qg4+ 27.
Qxg4 Bxg4 28. Re1 f6 29. Kf2 Bh5 30. Ke3 f5 31. Kd4 fxe4 32. Rxe4 Rxe4+ 33.
Kxe4 Be2 34. c5 Ke8 35. b4 Kd7 36. Ke5 h5 37. h4 Kc6 38. Kd4 Bf1 39. Nf4 Kb5
40. Kc3 b6 41. cxb6 Kxb6 42. Nxh5 Kc7 43. Nxg7 Kd7 44. Kd4 Ke7 45. Ke5 Kf7 46.
Nf5 Kg6 47. Kf4 Bb5 48. Ng3 Kf6 49. Ke4 Ke6 50. Kd4 Ba4 51. Kc5 Bb5 52. Kd4 Kf6
53. Kd5 Kg6 54. Ke6 Ba4 55. Ke5 Bb5 56. Kf4 Kf6 57. Ne4+ Kg6 58. Kg4 Bd7+ 59.
Kg3 Kf5 60. Nc5 Bb5 61. Nb3 Kg6 62. Nd4 Ba4 63. Ne6 Bb5 64. Nf4+ Kh6 65. Kg4
Bd7+ 66. Kf3 Bc6+ 67. Ke3 Bb5 68. Kd4 Kg7 69. Kc5 Kf6 70. Nd5+ Kf5 71. Nc7 Be2
72. Kb6 Kg4 73. Nxa6 Kxh4 74. Nc5 Kg5 75. a4 Kf6 76. a5 Bf3 77. Nb7 1-0

[Event "X Festival A"]
[Site "Salsomaggiore Terme ITA"]
[Date "2006.05.13"]
[Round "4"]
[White "Pedemonte, Claudio"]
[Black "Ferrari, Cristiano"]
[Result "1-0"]
[WhiteElo "1942"]
[BlackElo "1436"]
[PlyCount "59"]
[EventDate "2006.05.12"]

1. c4 Nf6 2. Nc3 e6 3. e4 d6 4. d4 Be7 5. Nf3 a6 6. Bd3 Bd7 7. O-O O-O 8. Qc2
h6 9. h3 Nc6 10. a3 e5 11. Be3 Qc8 12. Kh2 Re8 13. b4 Bf8 14. Rac1 b6 15. Nd5
Be7 16. Qc3 Bd8 17. Qc2 Nh5 18. Qb3 Be6 19. Nxb6 cxb6 20. d5 Ne7 21. dxe6 Qxe6
22. Qa4 Ng6 23. Qc6 Rb8 24. Qd5 Qf6 25. c5 Nhf4 26. Bxf4 Qxf4+ 27. Kh1 bxc5 28.
Qxd6 cxb4 29. Qxb8 bxa3 30. Ra1 1-0

[Event "X Festival A"]
[Site "Salsomaggiore Terme ITA"]
[Date "2006.05.13"]
[Round "4"]
[White "Ranola, Yves"]
[Black "Mrdja, Milan"]
[Result "1-0"]
[WhiteElo "2432"]
[BlackElo "2409"]
[PlyCount "91"]
[EventDate "2006.05.12"]

1. c4 g6 2. g3 Bg7 3. Bg2 Nf6 4. Nc3 O-O 5. d3 c5 6. Bg5 h6 7. Bd2 Nc6 8. Nf3
e6 9. O-O d5 10. Qc1 Kh7 11. Rd1 b6 12. cxd5 Nxd5 13. h4 Bb7 14. a3 Rc8 15.
Nxd5 exd5 16. Bf4 Qe7 17. Qc2 Rfe8 18. Re1 d4 19. Rac1 Qd7 20. Qa4 Qe7 21. Bh3
Rcd8 22. b4 Rd5 23. bxc5 bxc5 24. Bg2 Rf5 25. Nd2 Rc8 26. Ne4 Be5 27. Bd2 Bb8
28. Bh3 Nd8 29. Bxf5 gxf5 30. Qd7 Qxd7 31. Nf6+ Kg6 32. Nxd7 Bd6 33. Bf4 Bxf4
34. gxf4 Ne6 35. e3 Rc7 36. Ne5+ Kh5 37. Kh2 f6 38. Nc4 Rd7 39. Rg1 Bf3 40.
Rce1 dxe3 41. Rxe3 Nd4 42. Re8 Be2 43. Rg3 Nf3+ 44. Kh1 Bxd3 45. Rxf3 Bxc4 46.
Rc3 1-0

[Event "X Festival A"]
[Site "Salsomaggiore Terme ITA"]
[Date "2006.05.13"]
[Round "4"]
[White "Reggi, Matteo"]
[Black "Gilardone, Adriano"]
[Result "0-1"]
[WhiteElo "1781"]
[BlackElo "2145"]
[PlyCount "85"]
[EventDate "2006.05.12"]

1. e4 e5 2. f4 exf4 3. Bc4 Be7 4. d4 Bh4+ 5. Kf1 Nf6 6. Bxf4 Nxe4 7. g3 Be7 8.
Bd5 Nf6 9. Bf3 d5 10. Kg2 O-O 11. Nc3 c6 12. Qd3 Re8 13. Nh3 Na6 14. a3 Nc7 15.
Nf2 Ne6 16. Be5 Nd7 17. Rae1 f6 18. Bf4 Nxf4+ 19. gxf4 Bd6 20. Qd2 Nf8 21. Ne2
Ng6 22. Bg4 Bxg4 23. Nxg4 Rxe2+ 24. Rxe2 Nxf4+ 25. Kf3 Nxe2 26. Qxe2 Qe7 27.
Qxe7 Bxe7 28. h3 Kf7 29. Re1 Re8 30. a4 Bd8 31. Rxe8 Kxe8 32. Kf4 Kf7 33. b3
Bc7+ 34. Kf3 f5 35. Nf2 g5 36. Nd3 Bd6 37. c4 Ke6 38. c5 Bc7 39. b4 a6 40. Nf2
Bd8 41. Nd1 Bf6 42. Ke3 f4+ 43. Kd3 0-1

[Event "X Festival A"]
[Site "Salsomaggiore Terme ITA"]
[Date "2006.05.13"]
[Round "4"]
[White "Rezzuti, Vincenzo"]
[Black "Jones, Alessandro"]
[Result "1/2-1/2"]
[WhiteElo "2079"]
[BlackElo "1824"]
[PlyCount "42"]
[EventDate "2006.05.12"]

1. e4 e5 2. f4 Bc5 3. Nf3 d6 4. c3 Qe7 5. Bc4 Nf6 6. Qe2 Nc6 7. d3 Be6 8. Bxe6
Qxe6 9. f5 Qe7 10. Be3 Bxe3 11. Qxe3 d5 12. O-O dxe4 13. dxe4 Ng4 14. Qe2 Qc5+
15. Kh1 O-O-O 16. Nbd2 h5 17. Rae1 f6 18. h3 Rdg8 19. Nh4 Nh6 20. Qc4 Qxc4 21.
Nxc4 Ne7 1/2-1/2

[Event "X Festival A"]
[Site "Salsomaggiore Terme ITA"]
[Date "2006.05.13"]
[Round "4"]
[White "Rombaldoni, Axel"]
[Black "Vezzosi, Paolo"]
[Result "0-1"]
[WhiteElo "2160"]
[BlackElo "2362"]
[PlyCount "120"]
[EventDate "2006.05.12"]

1. e4 e6 2. d4 d5 3. Nc3 Bb4 4. a3 Bxc3+ 5. bxc3 dxe4 6. Qg4 Nf6 7. Qxg7 Rg8 8.
Qh6 Nbd7 9. Nh3 c5 10. Bb2 Qc7 11. Bb5 Rg6 12. Qd2 Rxg2 13. c4 a6 14. Bxd7+
Bxd7 15. dxc5 e5 16. Nf4 exf4 17. Bxf6 e3 18. Qd6 Qxd6 19. cxd6 exf2+ 20. Ke2
Bg4+ 21. Kd3 Rc8 22. Bd4 f1=Q+ 23. Rhxf1 Be2+ 24. Ke4 Bxf1 25. Rxf1 Rxc4 26. c3
Rxh2 27. Kd5 Rxd4+ 28. Kxd4 Kd7 29. Rxf4 Kxd6 30. Rxf7 Rh4+ 31. Kd3 Kc6 32. c4
Rh1 33. Kd4 Rd1+ 34. Kc3 Rd7 35. Rf6+ Rd6 36. Rf7 Rh6 37. Kb4 b6 38. Rf8 a5+
39. Kc3 Rh3+ 40. Kd4 Rh4+ 41. Kc3 h5 42. Rf6+ Kb7 43. Rf7+ Ka6 44. Rf6 Rh3+ 45.
Kd4 Rxa3 46. Rh6 Rb3 47. Rxh5 a4 48. Rh8 Ka5 49. c5 Rb4+ 50. Kc3 Rb3+ 51. Kd4
b5 52. Ra8+ Kb4 53. c6 Rc3 54. Kd5 a3 55. Ra6 Kb3 56. Kd4 b4 57. Kd5 a2 58. Ra7
Kb2 59. Ra4 b3 60. Kd4 Rxc6 0-1

[Event "X Festival A"]
[Site "Salsomaggiore Terme ITA"]
[Date "2006.05.13"]
[Round "4"]
[White "Salvador, Roland"]
[Black "Efimov, Igor"]
[Result "1-0"]
[WhiteElo "2396"]
[BlackElo "2437"]
[PlyCount "59"]
[EventDate "2006.05.12"]

1. d4 d5 2. Nf3 e6 3. c4 c6 4. Nc3 Nf6 5. g3 Nbd7 6. Bg2 dxc4 7. O-O b5 8. e4
Bb7 9. e5 Nd5 10. Ng5 N7b6 11. Nce4 h6 12. Qh5 g6 13. Qh3 Bc8 14. a4 Nxa4 15.
Nf6+ Nxf6 16. Bxc6+ Bd7 17. Bxa8 Qxa8 18. exf6 Qd5 19. Be3 Bc6 20. f3 Bb4 21.
Ne4 a5 22. Rf2 c3 23. Rxa4 bxa4 24. bxc3 Ba3 25. Qf1 O-O 26. Bxh6 Rb8 27. g4 e5
28. Qh3 Rb1+ 29. Kg2 Qxe4 30. Bg7 1-0

[Event "X Festival A"]
[Site "Salsomaggiore Terme ITA"]
[Date "2006.05.13"]
[Round "4"]
[White "Santurbano, Maria Vincenza"]
[Black "Mazzoni, Carlo"]
[Result "1-0"]
[WhiteElo "1965"]
[BlackElo "1766"]
[PlyCount "33"]
[EventDate "2006.05.12"]

1. e4 e6 2. d4 d5 3. Nc3 Bb4 4. e5 c5 5. a3 Bxc3+ 6. bxc3 Ne7 7. Nf3 Qc7 8. a4
Nbc6 9. Bd3 Bd7 10. O-O c4 11. Be2 Qa5 12. Qd2 f6 13. Ba3 fxe5 14. Nxe5 Nxe5
15. dxe5 Qd8 16. Qg5 Nf5 17. Bh5+ 1-0

[Event "X Festival A"]
[Site "Salsomaggiore Terme ITA"]
[Date "2006.05.13"]
[Round "4"]
[White "Sanzani, Pierluigi"]
[Black "Pipitone, Antonio"]
[Result "0-1"]
[WhiteElo "1895"]
[BlackElo "1994"]
[PlyCount "48"]
[EventDate "2006.05.12"]

1. e4 c5 2. Nf3 d6 3. d4 cxd4 4. Nxd4 Nf6 5. Nc3 Nc6 6. Bg5 e6 7. Qd2 a6 8. f3
h6 9. Be3 Qc7 10. O-O-O d5 11. exd5 exd5 12. Bf4 Bd6 13. Ndb5 axb5 14. Nxb5
Bxf4 15. Nxc7+ Bxc7 16. Re1+ Be6 17. Kb1 Ba5 18. c3 d4 19. Bc4 O-O 20. Bxe6
fxe6 21. Rxe6 dxc3 22. bxc3 Rad8 23. Qb2 Nd5 24. Qb3 Nxc3+ 0-1

[Event "X Festival A"]
[Site "Salsomaggiore Terme ITA"]
[Date "2006.05.13"]
[Round "4"]
[White "Scalcione, Michelangelo"]
[Black "Weiland, Guenter"]
[Result "1-0"]
[WhiteElo "2255"]
[BlackElo "1982"]
[PlyCount "98"]
[EventDate "2006.05.12"]

1. Nf3 g6 2. c4 Bg7 3. e4 c5 4. d4 Nc6 5. d5 Nd4 6. Nxd4 cxd4 7. Bd3 d6 8. O-O
Nf6 9. Nd2 Nd7 10. Re1 O-O 11. Bf1 a5 12. Rb1 Nc5 13. Nb3 Nxb3 14. Qxb3 Qc7 15.
Qd1 e5 16. b3 f5 17. Bd3 Rf7 18. Qc2 f4 19. a3 Bf8 20. Be2 h5 21. Bd2 Bg4 22.
f3 Bc8 23. b4 axb4 24. axb4 b6 25. Ra1 Qb8 26. Qb2 Rfa7 27. Bd3 g5 28. Rec1 Be7
29. Bc2 Kh7 30. Bd3 Ra4 31. Rxa4 Rxa4 32. Ra1 Qa7 33. Rxa4 Qxa4 34. Bc2 Qa7 35.
Kf1 Bd7 36. Ke2 b5 37. Bd3 Qb7 38. Qc2 bxc4 39. Qxc4 Bd8 40. Qa6 Qxa6 41. Bxa6
Kg7 42. Kd3 Kf7 43. Kc4 Ke7 44. Bb5 g4 45. Bxd7 Kxd7 46. Kb5 gxf3 47. gxf3 Bh4
48. Ka6 Bf2 49. b5 Kc8 1-0

[Event "X Festival A"]
[Site "Salsomaggiore Terme ITA"]
[Date "2006.05.13"]
[Round "4"]
[White "Sgargi, Giuseppe"]
[Black "Cottarelli, Franco"]
[Result "0-1"]
[WhiteElo "1873"]
[BlackElo "1970"]
[PlyCount "66"]
[EventDate "2006.05.12"]

1. e4 e5 2. Nf3 Nc6 3. Bb5 Bc5 4. O-O Nd4 5. Nxd4 Bxd4 6. c3 Bb6 7. d4 c6 8.
Ba4 d6 9. Bb3 Nf6 10. Qd3 O-O 11. Nd2 Qe7 12. a4 Bg4 13. a5 Bc7 14. f3 Bh5 15.
Nc4 h6 16. Ne3 Bg6 17. d5 Qd8 18. a6 bxa6 19. dxc6 Bb6 20. Kh1 Qc7 21. Nd5 Nxd5
22. Bxd5 Kh8 23. Be3 a5 24. b4 axb4 25. cxb4 f6 26. Rfd1 Bxe3 27. Qxe3 Rfb8 28.
Rdb1 f5 29. b5 Rb6 30. h3 Rab8 31. Qd3 f4 32. Ra6 Be8 33. Qc4 Rxa6 0-1

[Event "X Festival A"]
[Site "Salsomaggiore Terme ITA"]
[Date "2006.05.13"]
[Round "4"]
[White "Tizzoni, Lionello"]
[Black "Luciani, Valerio"]
[Result "1/2-1/2"]
[WhiteElo "2050"]
[BlackElo "2242"]
[PlyCount "73"]
[EventDate "2006.05.12"]

1. d4 f5 2. c4 Nf6 3. Nc3 g6 4. Nf3 Bg7 5. g3 d6 6. Bg2 c6 7. O-O O-O 8. b3 Na6
9. Bb2 Nh5 10. d5 Bd7 11. Qd2 c5 12. e3 Nc7 13. Ne2 Bh6 14. Nf4 Ng7 15. h4 Rb8
16. Ng5 b5 17. Qc3 b4 18. Qd2 a5 19. a4 Nce8 20. Rad1 Nf6 21. Ba1 Qe8 22. Bf3
Nfh5 23. Nfe6 Nxe6 24. dxe6 Bc6 25. Bxh5 gxh5 26. Nf7 Rxf7 27. exf7+ Kxf7 28.
Qe2 Kg6 29. Rd5 Bxd5 30. cxd5 e5 31. dxe6 Qxe6 32. Rd1 Rb6 33. Qb2 Rb8 34. Rd5
Rb7 35. Qd2 Rd7 36. Qd3 Bf8 37. Bb2 1/2-1/2